| Tag |
First Indicator |
Second Indicator |
Subfields |
| LEADER |
00000cam a22000008a 4500 |
| 001 |
in00001048713 |
| 005 |
20150929090806.0 |
| 008 |
910702s1992 nyu b 001 0 eng |
| 010 |
|
|
|a 91024580
|
| 020 |
|
|
|a 0442314655
|
| 035 |
|
|
|a (OCoLC)24143888
|
| 035 |
|
|
|9 AFL0188AM
|
| 040 |
|
|
|a DLC
|c DLC
|d UtOrBLW
|
| 049 |
|
|
|a TXAM
|
| 050 |
0 |
0 |
|a QK911
|b .A46 1991
|
| 082 |
0 |
0 |
|a 581.5/24
|2 20
|
| 090 |
|
|
|a QK911
|b .A46 1992
|
| 245 |
0 |
0 |
|a Allelopathy :
|b basic and applied aspects /
|c edited by S.J.H. Rizvi and V. Rizvi.
|
| 250 |
|
|
|a 1st. ed.
|
| 263 |
|
|
|a 9111
|
| 264 |
|
1 |
|a London ;
|a New York :
|b Chapman and Hall,
|c 1992.
|
| 300 |
|
|
|a 480 pages :
|b illustrations
|
| 336 |
|
|
|a text
|b txt
|2 rdacontent
|
| 337 |
|
|
|a unmediated
|b n
|2 rdamedia
|
| 338 |
|
|
|a volume
|b nc
|2 rdacarrier
|
| 504 |
|
|
|a Includes bibliographical references and index.
|
| 650 |
|
0 |
|a Allelopathy.
|
| 650 |
|
0 |
|a Allelopathic agents.
|
| 700 |
1 |
|
|a Rizvi, S. J. H.,
|d 1955-
|
| 700 |
1 |
|
|a Rizvi, V.,
|d 1956-
|
| 999 |
|
|
|a MARS
|
| 999 |
f |
f |
|s a45cda3f-afd0-3f6c-813f-edc19dd56594
|i a4b7f892-a15b-3c77-aa1c-52b4ebf7a34d
|t 0
|
| 952 |
f |
f |
|p normal
|a Texas A&M University
|b College Station
|c Sterling C. Evans Library
|d Evans: Library Stacks
|t 0
|e QK911 .A46 1992
|h Library of Congress classification
|i unmediated -- volume
|m A14816028940
|
| 998 |
f |
f |
|a QK911 .A46 1992
|t 0
|l Evans: Library Stacks
|